[Event "South America-ch U14 13th"]
[Site "Santiago de Chile"]
[Date "2016.12.03"]
[Round "4"]
[White "Cabrera Canales, Leandro Antonio"]
[Black "Mollo, Jhoan"]
[Result "0-1"]
[WhiteElo "1653"]
[BlackElo "1882"]
[PlyCount "52"]
[EventDate "2016.12.01"]
[EventType "swiss"]
[EventRounds "9"]
[EventCountry "CHI"]
[SourceTitle "EXT 2018"]
[Source "ChessBase"]
[SourceDate "2017.10.13"]
[SourceVersion "1"]
[SourceVersionDate "2017.10.13"]
[SourceQuality "1"]

1. d4 Nf6 2. c4 e6 3. Nf3 Bb4+ 4. Nbd2 Qe7 5. a3 Bxd2+ 6. Bxd2 d6 7. e3 0-0 8. Bd3 e5 9. dxe5 dxe5 10. Bc3 Nc6 11. Qc2 Bg4 12. h3 Bxf3 13. gxf3 Rad8 14. 0-0-0 h6 15. Rhg1 Kh8 16. f4 exf4 17. e4 Nd4 18. Bxd4 Rxd4 19. Qc3 c5 20. Rge1 Qe5 21. f3 Rfd8 22. Rg1 Nh5 23. Kc2 Ng3 24. b4 b6 25. bxc5 Qxc5 26. Rb1 Rxd3 0-1